Is it a presently a country 2 (3 lives) - Statistics

General Stats
  • This quiz has been taken 28 times
  • The average score is 12 of 12
Answers on the Grid
Answers color-coded by a green-red scale on the quiz's grid according to % correct below.
China
Moldova
Malta
USA
Laos
Mongolia
Greece
Serbia
France
UK
Brazil
Mexico
Puerto Rico
Austria-Hungary
Yugoslavia
South Yemen
Czechoslovakia
Tibet
Biafra
Siam
 
Answer Stats
Answer % Correct
China
100%
Mexico
100%
Brazil
95%
France
95%
Greece
95%
Laos
95%
Moldova
95%
Mongolia
95%
Serbia
95%
UK
95%
USA
95%
Malta
91%
No matching quizzes found
Score Distribution
Percent of People with Each Score
Percentile by Number Answered
Your Score History
You have not taken this quiz